| 000 | 00000nam##2200000za#4500 |
| 001 | 9.558043 |
| 003 | CaOODSP |
| 005 | 20230131161132 |
| 007 | cr ||||||||||| |
| 008 | 150406|2002||||xxc|||||o f|0| 0 eng|d |
| 020 | |a0-662-31510-3 |
| 022 | |a1701-4387 |
| 040 | |aCaOODSP|beng |
| 043 | |an-cn--- |
| 086 | 1 |aM44-2002/C9E-IN |
| 110 | 2 |aGeological Survey of Canada. |
| 245 | 10|aVolcanic relationships and gold mineralization in the Wolverine-Madrid corridor, Hope Bay volcanic belt, Nunavut / |h[electronic resource]|c[by] R.L. Sherlock, R.L. Carpenter, M. Bardoux, E. Flood, and Peter Kleespies. |
| 260 | |aOttawa - Ontario : |bNatural Resources Canada. |c2002. |
| 300 | |a13p.|bfig., maps, references, photographs |
| 490 | 1 |aCurrent research 2002|x1701-4387|v2002-C9 |
| 546 | |a(Résumé en français.) |
| 590 | |a13-28-Supp|b2013-12-09 |
| 830 | #0|aCurrent research (Geological Survey of Canada)|x1701-4387|v2002-C9|w(CaOODSP)9.506236 |
| 856 | 40|ahttp://publications.gc.ca|qPDF|s3.74 MB|uhttps://publications.gc.ca/collections/collection_2013/rncan-nrcan/M44-2002-C9-eng.pdf|y2002-C9 |